Champions League Gewinner - Statistiken

Allgemein
  • Dieses Quiz wurde 483 mal gespielt
  • Das Durchschnittsergebnis liegt bei 3 aus 13
Answers on the Grid
Answers color-coded by a green-red scale on the quiz's grid according to % correct below.
Thomas Müller
Sandro Wagner
Sergio Ramos
Harry Kane
Zlatan Ibrahimovic
Marcel Sabitzer
Juan Mata
Mats Hummels
Vincent Kompany
Luca Toni
Rafael van der Vaart
Ruud van Nistelrooy
Klaas-Jan Huntelaar
Luka Jovic
Mesut Özil
Lukas Podolski
Salomon Kalou
Kevin-Prince Boateng
Raul
Ivan Perisic
Pierre-Emile Hojberg
Mario Götze
Julian Green
Thorsten Fink
Ricardo Carvalho
Gonzalo Higuain
Diego
Hugo Almeida
Oriol Romeu
Romelu Lukaku
 
Antwortstatistiken
Antwort % Korrekt
Thomas Müller
97%
Sergio Ramos
72%
Raul
21%
Ivan Perisic
17%
Juan Mata
13%
Ruud van Nistelrooy
11%
Salomon Kalou
8%
Luka Jovic
7%
Pierre-Emile Hojberg
7%
Thorsten Fink
4%
Hugo Almeida
2%
Diego
1%
Oriol Romeu
0%
Keine übereinstimmenden Quizze gefunden
Verteilung der Resultate
Anzahl Personen mit jedem Resultat
Perzentil nach korrekt beantworteten Fragen
Ihre Resultats-Entwicklung
Sie haben dieses Quiz noch nicht gespielt